US States Shape Chain Game #2 - Statistics

General Stats
  • This quiz has been taken 1,172 times
  • The average score is 7 of 8
Answer Stats
Hint Answer % Correct
HTML tutorial Hawaii
100%
HTML tutorial Utah
91%
HTML tutorial New Jersey
87%
HTML tutorial California
78%
HTML tutorial Tennessee
77%
HTML tutorial Arkansas
75%
HTML tutorial Minnesota
74%
Missouri
70%
No matching quizzes found
Score Distribution
Percent of People with Each Score
Percentile by Number Answered
Your Score History
You have not taken this quiz